Sports Quiz

Random Sports or Baseball Quiz

All-Time Milwaukee Brewers 2.0 Quiz Stats

 Plays Quiz not verified by Sporcle

Challenge
Share
Tweet
Embed
Score 0/25 Timer 05:00
0 Plays Today
Position Player % Correct
LFRyan Braun
99.4%
SSRobin Yount
98.7%
2BPaul Molitor
95.5%
1BCecil Cooper
88.2%
SPBen Sheets
84.1%
RPRollie Fingers
79.9%
CFGorman Thomas
79.3%
SPTeddy Higuera
72.3%
OFGeoff Jenkins
67.2%
2B/3BJim Gantner
66.6%
CB.J. Surhoff
56.4%
3BJeff Cirillo
52.2%
1BGeorge Scott
51.9%
Position Player % Correct
DHDon Money
48.1%
RPDan Plesac
47.5%
SPMike Caldwell
45.9%
CDarrell Porter
42.7%
RFSixto Lezcano
40.1%
SP/RPJim Slaton
39.5%
SP/RPChris Bosio
39.2%
SPMoose Haas
36.3%
SPBill Wegman
36%
RPChuck Crim
18.8%
RPKen Sanders
17.2%
RPMike Fetters
15.9%

You're not logged in!

Compare scores with friends on all Sporcle quizzes.
Join for Free
OR
Log In

You Might Also Like...

Show Comments

Extras

Top Quizzes Today


Score Distribution

Your Account Isn't Verified!

In order to create a playlist on Sporcle, you need to verify the email address you used during registration. Go to your Sporcle Settings to finish the process.

Report this User

Report this user for behavior that violates our Community Guidelines.

Details: